[Event "Landesklasse West 2013/2014"]
[Site "?"]
[Date "2013.10.20"]
[Round "2"]
[White "Graupner, Markus"]
[Black "Webel, Jannik"]
[Result "1-0"]
[WhiteElo "1651"]
[BlackElo "1675"]
[PlyCount "81"]
[EventDate "2013.??.??"]
[WhiteTeam "SV Wartburgstadt Eisenach"]
[BlackTeam "ESV Lok Meiningen"]

1. Nf3 d5 2. c4 e6 3. b3 Nf6 4. Bb2 g6 5. g3 Bg7 6. Bg2 O-O 7. O-O Nbd7 8. d4
c5 9. Nbd2 b6 10. Qc2 Ba6 11. Rfe1 Rc8 12. Rac1 cxd4 13. Bxd4 dxc4 14. bxc4 Qc7
15. Qb2 Rfe8 16. Ne5 Nxe5 17. Bxe5 Qe7 18. Rc2 Nh5 19. Ne4 Red8 20. Bxg7 Nxg7
21. Nf6+ Kh8 22. h4 Bxc4 23. h5 e5 24. Ng4 f6 25. hxg6 hxg6 26. Qc1 Be6 27.
Rxc8 Rxc8 28. Qh6+ Kg8 29. Qxg6 Bxg4 30. Qxg4 Qe6 31. Bd5 Qxd5 32. Qxc8+ Kh7
33. Qc2+ f5 34. Rd1 Qe6 35. Qb3 Qc6 36. Qd5 Qc2 37. e3 e4 38. Kg2 Qe2 39. Rh1+
Kg6 40. Qd6+ Kf7 41. Rh6 1-0

[Event "Landesklasse West 2013/2014"]
[Site "?"]
[Date "2013.10.20"]
[Round "2"]
[White "Rosenberg, Erik"]
[Black "Ulbricht, Olaf"]
[Result "1-0"]
[WhiteElo "1579"]
[BlackElo "1605"]
[PlyCount "101"]
[EventDate "2013.??.??"]
[WhiteTeam "ESV Lok Meiningen"]
[BlackTeam "SV Wartburgstadt Eisenach"]

1. d4 Nf6 2. c4 g6 3. Nc3 Bg7 4. e4 d6 5. Bg5 Nc6 6. Be2 b6 7. f4 Bb7 8. Nf3
O-O 9. O-O Re8 10. e5 Nd7 11. exd6 cxd6 12. d5 Ncb8 13. f5 Nf6 14. Qc2 Nbd7 15.
Rae1 Rc8 16. Bd2 Nc5 17. b3 Ncd7 18. Qb1 Ra8 19. Bd3 Nf8 20. Ng5 Bc8 21. fxg6
fxg6 22. Nce4 Qd7 23. Bc3 Nxe4 24. Nxe4 Bxc3 25. Nxc3 Qg4 26. Nb5 Qd7 27. Qc1
Kg7 28. Qf4 Bb7 29. Qf7+ Kh8 30. Rf4 e5 31. Qxd7 Nxd7 32. Rf7 Nc5 33. Bc2 Rad8
34. Nc3 Kg8 35. Ref1 Rf8 36. Rxf8+ Rxf8 37. Nb5 Rd8 38. Rf6 a6 39. Nxd6 Rd7 40.
Nxb7 Rxb7 41. Kf2 Kg7 42. Rf3 Rd7 43. b4 Nb7 44. Ke3 Nd6 45. c5 Nc4+ 46. Ke2
bxc5 47. bxc5 Rxd5 48. Bb3 Rd4 49. Rc3 Na5 50. c6 Rd8 51. c7 1-0

[Event "Landesklasse West 2013/2014"]
[Site "?"]
[Date "2013.11.17"]
[Round "3"]
[White "Lehmann, Peter"]
[Black "Gast, Rainer"]
[Result "1-0"]
[WhiteElo "1935"]
[BlackElo "1878"]
[PlyCount "182"]
[EventDate "2013.??.??"]
[WhiteTeam "ESV Lok Meiningen"]
[BlackTeam "SV Breitenworbis"]

1. d4 d5 2. Nf3 Nf6 3. e3 e6 4. Bd3 Bd6 5. O-O c5 6. c3 O-O 7. Nbd2 Nc6 8. Qe2
e5 9. dxc5 Bxc5 10. e4 d4 11. Nb3 Bb6 12. cxd4 exd4 13. Bg5 h6 14. Bxf6 Qxf6
15. Nfd2 Bc7 16. Rac1 Bd7 17. g3 Rad8 18. f4 Qe7 19. e5 f5 20. Nf3 Bb6 21. a3
Be6 22. Nbd2 g6 23. Nc4 Bxc4 24. Rxc4 Kh7 25. Rfc1 Qe6 26. Nh4 Na5 27. R4c2 Nb3
28. Rd1 Nc5 29. Qg2 Nxd3 30. Rxd3 Qd5 31. Qxd5 Rxd5 32. Kf1 Kg7 33. Nf3 Rfd8
34. h4 Kf7 35. Ke2 Ke6 36. Rc4 Rb5 37. b3 Rbd5 38. a4 a6 39. Rb4 Ba7 40. Rxb7
R5d7 41. Rxd7 Rxd7 42. b4 Kd5 43. Nd2 g5 44. Rb3 Rb7 45. Kd3 gxf4 46. gxf4 Rg7
47. Rb1 Rg3+ 48. Kc2 d3+ 49. Kb3 Rh3 50. b5 axb5 51. axb5 Rxh4 52. Re1 Ke6 53.
Ra1 Bd4 54. Ra6+ Ke7 55. Nc4 Rxf4 56. Rxh6 d2 57. Kc2 Bc3 58. Nxd2 Bxe5 59. b6
Rf2 60. Rh7+ Ke6 61. Kd3 Kd5 62. b7 Bf4 63. Nb3 Rb2 64. Kc3 Be5+ 65. Kb4 Bd6+
66. Kc3 Be5+ 67. Kb4 Bd6+ 68. Ka4 Kc4 69. Rh4+ f4 70. Na5+ Kd5 71. Rh5+ Ke6 72.
Nb3 Kd7 73. Rd5 Kc7 74. Rxd6 Kxb7 75. Rf6 Rf2 76. Kb5 Kc7 77. Nc5 f3 78. Rf7+
Kd8 79. Kc6 Ke8 80. Rf4 Ke7 81. Ne4 Rc2+ 82. Kd5 Ra2 83. Nc5 Rd2+ 84. Ke4 Kd6
85. Nd3 Ra2 86. Rxf3 Ra4+ 87. Ke3 Ke6 88. Rh3 Kf6 89. Nf4 Ra3+ 90. Nd3 Kf5 91.
Rh5+ Kf6 1-0

[Event "Landesklasse West 2013/2014"]
[Site "?"]
[Date "2013.11.17"]
[Round "3"]
[White "Bötticher, Heinz-Wilfried"]
[Black "Scheftlein, Richard"]
[Result "0-1"]
[WhiteElo "1828"]
[BlackElo "1921"]
[PlyCount "50"]
[EventDate "2013.??.??"]
[WhiteTeam "SV Breitenworbis"]
[BlackTeam "ESV Lok Meiningen"]

1. d4 Nf6 2. c4 e6 3. Nc3 Bb4 4. e3 O-O 5. Bd3 c5 6. Nge2 d5 7. O-O cxd4 8.
exd4 dxc4 9. Bxc4 Nc6 10. Bg5 Be7 11. Rc1 Na5 12. Bd3 b6 13. Qc2 h6 14. Bf4 Bb7
15. Qa4 Rc8 16. b4 Nc6 17. b5 Nb4 18. Bb1 a5 19. Rfd1 Nbd5 20. Nxd5 Nxd5 21.
Rxc8 Qxc8 22. Rc1 Nxf4 23. Rxc8 Rxc8 24. Kf1 Bxg2+ 25. Kg1 Bf3 0-1

[Event "Landesklasse West 2013/2014"]
[Site "?"]
[Date "2013.11.17"]
[Round "3"]
[White "Grube, Jan"]
[Black "Hellrung, Bernhard"]
[Result "1/2-1/2"]
[WhiteElo "1854"]
[BlackElo "1841"]
[PlyCount "154"]
[EventDate "2013.??.??"]
[WhiteTeam "ESV Lok Meiningen"]
[BlackTeam "SV Breitenworbis"]

1. c4 Nf6 2. d4 g6 3. Nc3 Bg7 4. e4 d6 5. Be2 c6 6. Nf3 O-O 7. O-O Qc7 8. Bf4
Nh5 9. Be3 e5 10. dxe5 dxe5 11. Qc2 Nd7 12. Rad1 Re8 13. Qd2 Nf8 14. Qd6 Qxd6
15. Rxd6 Ne6 16. g3 Bf8 17. Rd2 f6 18. Nh4 Nhg7 19. Rfd1 Nc7 20. Bh6 Be6 21.
Be3 b6 22. g4 Be7 23. Ng2 g5 24. f3 Kf7 25. Bf2 Rad8 26. Ne3 Rxd2 27. Rxd2 Rd8
28. Rxd8 Bxd8 29. h4 h6 30. Nf5 Nxf5 31. exf5 Bd7 32. hxg5 hxg5 33. c5 b5 34.
Ne4 Nd5 35. Kf1 Ke7 36. a3 a5 37. b3 Bc7 38. Bd1 Be8 39. Ke2 Bf7 40. Kd2 Nf4
41. Kc3 Nd5+ 42. Kb2 Nf4 43. Be3 Bd5 44. Kc3 Bf7 45. Kd2 Nd5 46. Bf2 Nf4 47. a4
bxa4 48. bxa4 Bc4 49. Kc3 Bf1 50. Nd2 Be2 51. Bxe2 Nxe2+ 52. Kd3 Nf4+ 53. Kc4
Nd5 54. Nb3 Kd7 55. Be1 e4 56. fxe4 Ne3+ 57. Kd3 Nxg4 58. Bxa5 Ne5+ 59. Ke2
Bxa5 60. Nxa5 Kc7 61. Nb3 Kb7 62. Ke3 Ka6 63. Kd4 Nf3+ 64. Kc3 Ne5 65. Kd4 Nf3+
66. Ke3 Ne5 67. Ke2 Nd7 68. Nd4 Nxc5 69. Ke3 Kb6 70. a5+ Kxa5 71. Nxc6+ Kb6 72.
Ne7 Nd7 73. Kd4 Kc7 74. Ng6 Kd6 75. Ke3 Ne5 76. Nf8 Ke7 77. Ne6 Kd6 1/2-1/2

[Event "Landesklasse West 2013/2014"]
[Site "?"]
[Date "2013.11.17"]
[Round "3"]
[White "Leibeling, Lucian"]
[Black "Von Otte, Wilhelm"]
[Result "1-0"]
[WhiteElo "1843"]
[BlackElo "1938"]
[PlyCount "95"]
[EventDate "2013.??.??"]
[WhiteTeam "SV Breitenworbis"]
[BlackTeam "ESV Lok Meiningen"]

1. c4 c5 2. Nc3 Nc6 3. d3 g6 4. e4 Bg7 5. g3 a6 6. Bg2 b5 7. Nge2 Rb8 8. O-O d6
9. Rb1 Bg4 10. h3 Be6 11. cxb5 axb5 12. Nf4 Bd7 13. a3 e6 14. Nce2 h5 15. h4
Nge7 16. Be3 e5 17. Nh3 Qc8 18. Kh2 b4 19. Qc2 Qa6 20. Ra1 Qb7 21. Rfb1 O-O 22.
Ng5 b3 23. Qd1 f6 24. Nf3 Bg4 25. Qd2 Rfd8 26. Rc1 d5 27. exd5 Nxd5 28. Rxc5 e4
29. Ne1 f5 30. Nf4 Nxe3 31. fxe3 Rbc8 32. Rac1 Ne7 33. Rxc8 Rxc8 34. Rxc8+ Qxc8
35. dxe4 Kh7 36. Qd6 Qe8 37. Qe6 Bxb2 38. Qxb3 Bf6 39. Qe6 Qf8 40. e5 Bh8 41.
Nf3 Qg7 42. Ng5+ Kh6 43. Nf7+ Kh7 44. Qxe7 g5 45. Nxg5+ Kh6 46. Qd6+ Qf6 47.
exf6 Bxf6 48. Qxf6# 1-0

[Event "Landesklasse West 2013/2014"]
[Site "?"]
[Date "2013.11.17"]
[Round "3"]
[White "Jörges, Frank"]
[Black "Vergin, Marcel"]
[Result "1/2-1/2"]
[WhiteElo "1831"]
[BlackElo "1698"]
[PlyCount "117"]
[EventDate "2013.??.??"]
[WhiteTeam "ESV Lok Meiningen"]
[BlackTeam "SV Breitenworbis"]

1. d4 Nf6 2. c4 d6 3. Nc3 Nbd7 4. e4 e5 5. d5 Nc5 6. Bg5 Be7 7. Qc2 Nxd5 8.
exd5 Bxg5 9. b4 Nd7 10. Nf3 O-O 11. Nxg5 Qxg5 12. Ne4 Qg6 13. Bd3 f5 14. Ng3 e4
15. Be2 Nf6 16. f3 exf3 17. gxf3 Qg5 18. Bd3 f4 19. Ne2 Qh4+ 20. Kd2 Qf2 21.
Raf1 Qe3+ 22. Kd1 Bh3 23. Re1 Bg2 24. Rhg1 Bxf3 25. Qd2 Rae8 26. Kc2 Qxd2+ 27.
Kxd2 Ne4+ 28. Kc2 Nf2 29. Nd4 Rxe1 30. Rxe1 Nxd3 31. Kxd3 Bg4 32. Rf1 f3 33.
Rf2 Re8 34. Nb5 Re2 35. Rxe2 fxe2 36. Kd2 a6 37. Nxc7 Kf7 38. a4 Ke7 39. a5 Kd7
40. Na8 Bf3 41. Nb6+ Kc7 42. Na4 g6 43. Nb2 b5 44. axb6+ Kxb6 45. Nd3 a5 46.
bxa5+ Kxa5 47. c5 dxc5 48. Nxc5 Kb5 49. Ne6 Bxd5 50. Nd4+ Kc5 51. Nxe2 Kd6 52.
Ke3 Ke5 53. Kf2 Kf5 54. Kg3 h6 55. h4 Bc4 56. Nc3 g5 57. hxg5 Kxg5 58. Ne4+ Kg6
59. Kh4 1/2-1/2

[Event "Landesklasse West 2013/2014"]
[Site "?"]
[Date "2013.11.17"]
[Round "3"]
[White "Biel, Peter"]
[Black "Webel, Jannik"]
[Result "1-0"]
[WhiteElo "1624"]
[BlackElo "1675"]
[PlyCount "113"]
[EventDate "2013.??.??"]
[WhiteTeam "SV Breitenworbis"]
[BlackTeam "ESV Lok Meiningen"]

1. e4 c5 2. Nf3 d6 3. d4 cxd4 4. Nxd4 Nf6 5. Nc3 a6 6. Bc4 e6 7. O-O Be7 8. Be3
O-O 9. Qf3 b5 10. e5 Nd5 11. Nxd5 exd5 12. Bxd5 Ra7 13. Nxb5 Rd7 14. e6 fxe6
15. Bxe6+ Kh8 16. Qa8 Bb7 17. Qa7 axb5 18. Bxd7 Qxd7 19. Rad1 Qc6 20. f3 Bf6
21. c3 Nd7 22. Qa3 Ra8 23. Qxd6 Qxd6 24. Rxd6 Nf8 25. a3 b4 26. axb4 Re8 27.
Kf2 Re6 28. Rfd1 Rxd6 29. Rxd6 Kg8 30. Bd4 Be7 31. Rb6 Bd5 32. Bc5 Nd7 33. Rb5
Bc6 34. Ra5 Nxc5 35. bxc5 Kf7 36. b4 Ke6 37. Ra6 Kd5 38. c4+ Kxc4 39. Rxc6 Kxb4
40. Ke3 Bxc5+ 41. Rxc5 Kxc5 42. Ke4 Kd6 43. Kf5 Ke7 44. h4 Kf7 45. h5 Ke7 46.
g4 Kf7 47. g5 Ke7 48. Ke5 Kf7 49. f4 g6 50. hxg6+ Kxg6 51. Ke6 Kh5 52. Kf6 Kg4
53. f5 h5 54. g6 h4 55. g7 h3 56. g8=Q+ Kf3 57. Qg1 1-0

[Event "Landesklasse West 2013/2014"]
[Site "?"]
[Date "2013.11.17"]
[Round "3"]
[White "Rosenberg, Erik"]
[Black "Hermann, Frank"]
[Result "1-0"]
[WhiteElo "1579"]
[BlackElo "1495"]
[PlyCount "47"]
[EventDate "2013.??.??"]
[WhiteTeam "ESV Lok Meiningen"]
[BlackTeam "SV Breitenworbis"]

1. d4 Nf6 2. c4 e6 3. Nf3 Bb4+ 4. Bd2 c5 5. e3 Qa5 6. Nc3 Nc6 7. a3 Bxc3 8.
Bxc3 Qb6 9. dxc5 Qxc5 10. b4 Qe7 11. b5 Nb8 12. Bb4 Qd8 13. Qd4 a5 14. Bd6 b6
15. Bd3 Bb7 16. Ke2 h6 17. Ne5 Rg8 18. Ng6 Bxg2 19. Rhg1 Bh3 20. Ne7 Nc6 21.
bxc6 dxc6 22. Nxg8 Nxg8 23. Rxg7 Ne7 24. Rag1 1-0

[Event "Landesklasse West 2013/2014"]
[Site "?"]
[Date "2013.11.17"]
[Round "3"]
[White "Anisheva, Varvara"]
[Black "Moise, Adrian"]
[Result "1/2-1/2"]
[WhiteElo "2010"]
[BlackElo "2163"]
[PlyCount "132"]
[EventDate "2013.??.??"]
[WhiteTeam "SC 51 Nordhausen"]
[BlackTeam "SV Ammern"]

1. b3 c5 2. Bb2 d6 3. e3 Nc6 4. Ne2 e6 5. d4 cxd4 6. Nxd4 Nf6 7. Be2 Be7 8. O-O
Nxd4 9. Qxd4 Bd7 10. Bf3 Bc6 11. Nd2 O-O 12. Bxc6 bxc6 13. c4 d5 14. Rfd1 a5
15. Qf4 a4 16. cxd5 cxd5 17. bxa4 Qa5 18. Nf3 Qxa4 19. Bd4 Rfc8 20. h3 Ne4 21.
Ne5 f6 22. Qg4 fxe5 23. Qxe6+ Kf8 24. Qxe5 Nf6 25. Rdb1 Qd7 26. Rb6 Rc6 27.
Rxc6 Qxc6 28. g4 Ne8 29. g5 Qg6 30. Qxd5 Qxg5+ 31. Qxg5 Bxg5 32. a3 Bf6 33.
Bxf6 Nxf6 34. Kg2 Nd5 35. Kf3 Nc3 36. Kg3 Ra4 37. f3 h6 38. e4 Nb5 39. Rb1 Nxa3
40. Rb8+ Kf7 41. Rb7+ Kg6 42. Rb6+ Kh7 43. h4 Nc4 44. Rc6 Ne5 45. Rc5 Nd3 46.
Rf5 Ra6 47. h5 Rf6 48. Rd5 Nf4 49. Ra5 Ne6 50. Rd5 Kg8 51. Ra5 Rf7 52. Ra6 Ng5
53. Ra3 Rc7 54. Kg4 Kf7 55. Kf5 Ne6 56. Rd3 Rc5+ 57. e5 Ke7 58. Rd6 Nd8 59. f4
Rc6 60. Rd4 Ne6 61. Ra4 Rc7 62. Ra6 Nf8 63. Ra4 Kf7 64. Ra6 Re7 65. Rb6 Ne6 66.
Rd6 Nf8 1/2-1/2

[Event "Landesklasse West 2013/2014"]
[Site "?"]
[Date "2013.11.17"]
[Round "3"]
[White "Wegerich, Michael"]
[Black "Hüllenhagen, Andreas"]
[Result "1-0"]
[WhiteElo "2009"]
[BlackElo "1657"]
[PlyCount "81"]
[EventDate "2013.??.??"]
[WhiteTeam "SV Ammern"]
[BlackTeam "SC 51 Nordhausen"]

1. e4 c5 2. Nf3 e6 3. d4 cxd4 4. Nxd4 a6 5. Bd3 Nf6 6. O-O d6 7. c4 Be7 8. Nc3
Nc6 9. Be3 Nxd4 10. Bxd4 e5 11. Be3 Be6 12. f3 Rc8 13. Qe2 O-O 14. Rac1 Nh5 15.
b3 g5 16. g3 f5 17. exf5 Bxf5 18. Bxf5 Rxf5 19. Qd3 Rf8 20. Qd5+ Kh8 21. Qxb7
Rg8 22. Nd5 Bf8 23. Bb6 Rb8 24. Qf7 Rxb6 25. Qxh5 Rb7 26. Qh3 g4 27. fxg4 Qg5
28. Rc2 e4 29. Rf5 Qg7 30. Nf6 Be7 31. Nxe4 Qxg4 32. Qxg4 Rxg4 33. Re2 Kg7 34.
Rd5 Rg6 35. Red2 Rb6 36. Kg2 Re6 37. Kf3 Rb8 38. Nxd6 Bxd6 39. Rxd6 Rf8+ 40.
Kg2 Re1 41. Rxa6 1-0

[Event "Landesklasse West 2013/2014"]
[Site "?"]
[Date "2013.11.17"]
[Round "3"]
[White "Viererbe, Hartmut"]
[Black "Schorch, Rüdiger"]
[Result "0-1"]
[WhiteElo "1626"]
[BlackElo "1861"]
[PlyCount "66"]
[EventDate "2013.??.??"]
[WhiteTeam "SC 51 Nordhausen"]
[BlackTeam "SV Ammern"]

1. Nf3 d5 2. c4 c6 3. e3 Nf6 4. b3 Bg4 5. Bb2 Nbd7 6. d4 e6 7. Bd3 Bb4+ 8. Nc3
O-O 9. Qc2 Bxf3 10. gxf3 e5 11. dxe5 Nxe5 12. O-O-O Nxf3 13. Ne2 h6 14. h4 Qe7
15. Rh3 Ne5 16. Rg1 Ba3 17. Rhg3 Nh5 18. R3g2 Bxb2+ 19. Kxb2 Nf3 20. Rh1 a5 21.
a4 dxc4 22. Bxc4 b5 23. axb5 cxb5 24. Bxb5 Qe5+ 25. Nc3 Rab8 26. Qe2 Rfd8 27.
Rd1 Rxd1 28. Qxd1 Qf6 29. Kc2 Rd8 30. Nd5 Qf5+ 31. Bd3 Qxd5 32. e4 Qxd3+ 33.
Qxd3 Ne1+ 0-1

[Event "Landesklasse West 2013/2014"]
[Site "?"]
[Date "2013.11.17"]
[Round "3"]
[White "Dawydow, Alexej"]
[Black "Göbel, Klaus"]
[Result "1-0"]
[WhiteElo "1934"]
[BlackElo "1349"]
[PlyCount "71"]
[EventDate "2013.??.??"]
[WhiteTeam "SV Ammern"]
[BlackTeam "SC 51 Nordhausen"]

1. e4 e5 2. Nf3 Nc6 3. d4 exd4 4. Bc4 Be7 5. c3 d6 6. cxd4 Na5 7. Bd3 c5 8. d5
Bd7 9. Nc3 Bf6 10. Bf4 c4 11. Bc2 Qb6 12. Rb1 Ne7 13. O-O Ng6 14. Be3 Qc7 15.
Nd4 O-O 16. f4 a6 17. Nce2 b5 18. Ng3 b4 19. Rc1 Qc8 20. Bb1 Bg4 21. Qe1 Rb8
22. f5 Ne5 23. h3 Re8 24. Kh1 h5 25. hxg4 Nxg4 26. Nxh5 Be5 27. Qe2 Nxe3 28.
Qxe3 Qd8 29. f6 Bxf6 30. Nxf6+ gxf6 31. Qh6 Re5 32. Nf5 Rxf5 33. Rxf5 Qf8 34.
Qxf6 Qd8 35. Qxf7+ Kh8 36. Rh5# 1-0

[Event "Landesklasse West 2013/2014"]
[Site "?"]
[Date "2013.11.17"]
[Round "3"]
[White "Wauer, Klaus"]
[Black "Salaske, Peter"]
[Result "0-1"]
[WhiteElo "1427"]
[BlackElo "1857"]
[PlyCount "84"]
[EventDate "2013.??.??"]
[WhiteTeam "SC 51 Nordhausen"]
[BlackTeam "SV Ammern"]

1. e4 d5 2. e5 e6 3. d4 c5 4. c3 Nc6 5. Bb5 Bd7 6. Nf3 Nxe5 7. Nxe5 Bxb5 8. Qf3
Qf6 9. Be3 Qxf3 10. Nxf3 cxd4 11. Nxd4 Ba6 12. Nd2 Nf6 13. b4 e5 14. Nf5 Bd3
15. Ng3 Ng4 16. Ne2 Be7 17. h3 Nxe3 18. fxe3 Rc8 19. Rc1 O-O 20. Nf1 Bxe2 21.
Kxe2 Bxb4 22. Rb1 Bxc3 23. Rxb7 a5 24. Nd2 Bb4 25. Rb1 Rc2 26. R1xb4 axb4 27.
Rxb4 Rxa2 28. Rb5 Rd8 29. Kd1 f6 30. g4 d4 31. e4 Rda8 32. Rd5 R8a3 33. Rd8+
Kf7 34. Rd7+ Kg6 35. h4 Rd3 36. h5+ Kh6 37. g5+ fxg5 38. Rd6+ Kxh5 39. Kc1
Rdxd2 40. Rc6 Rg2 41. Kb1 Rae2 42. Rc1 Rb2+ 0-1

[Event "Landesklasse West 2013/2014"]
[Site "?"]
[Date "2013.11.17"]
[Round "3"]
[White "Wiederhold, Frank"]
[Black "Klingler, Lutz"]
[Result "1-0"]
[WhiteElo "1706"]
[BlackElo "1974"]
[PlyCount "85"]
[EventDate "2013.??.??"]
[WhiteTeam "SV Gernrode 1887"]
[BlackTeam "SV Schmalkalden 04"]

1. d4 g6 2. e4 Bg7 3. c4 d6 4. Nc3 Nc6 5. Be3 e5 6. Nge2 exd4 7. Nxd4 Nge7 8.
h4 h5 9. Qd2 a6 10. Be2 Bd7 11. O-O-O Qc8 12. f3 b6 13. Rdg1 Qb7 14. g4 hxg4
15. fxg4 O-O-O 16. h5 Ne5 17. h6 Bf8 18. g5 N7c6 19. Rh2 Nxd4 20. Bxd4 Be6 21.
Nd5 Qc6 22. Qc3 Bxd5 23. exd5 Qe8 24. Rf2 Rh7 25. Re1 Kb7 26. Bf1 Qd7 27. Bxe5
dxe5 28. Qxe5 Bd6 29. Qf6 Rhh8 30. Qxf7 Qa4 31. Qxg6 Bg3 32. Qc6+ Qxc6 33.
dxc6+ Kb8 34. Rfe2 Bxe1 35. Rxe1 Rd6 36. Bg2 Rd4 37. Bd5 Rg4 38. Re5 Rf8 39. h7
Rh4 40. g6 Rh2 41. Bf7 b5 42. cxb5 axb5 43. g7 1-0

[Event "Landesklasse West 2013/2014"]
[Site "?"]
[Date "2013.11.17"]
[Round "3"]
[White "Lesser, Thomas"]
[Black "Brodmann, Michael"]
[Result "1-0"]
[WhiteElo "1855"]
[BlackElo "1718"]
[PlyCount "83"]
[EventDate "2013.??.??"]
[WhiteTeam "SV Schmalkalden 04"]
[BlackTeam "SV Gernrode 1887"]

1. e4 c6 2. d4 d5 3. exd5 cxd5 4. Bd3 Nf6 5. c3 Nc6 6. Bf4 Qb6 7. Qb3 Qxb3 8.
axb3 Nh5 9. Be3 e6 10. Be2 Nf6 11. Bf4 Ne4 12. h4 Bd6 13. Bxd6 Nxd6 14. Nf3 Bd7
15. Nbd2 O-O 16. Nf1 Rfe8 17. Ne3 a6 18. O-O Rec8 19. Bd3 Be8 20. Rfe1 Bd7 21.
g3 Be8 22. Ng4 Bd7 23. Nge5 Nxe5 24. dxe5 Nb5 25. Rad1 Bc6 26. Be2 b6 27. Rd2
Nc7 28. Nd4 Bb7 29. f4 g6 30. Kf2 Rf8 31. Ke3 a5 32. h5 a4 33. hxg6 hxg6 34.
bxa4 Rxa4 35. Rh1 Rd8 36. Bd3 Raa8 37. Rdh2 Kf8 38. Rh7 Rdc8 39. R1h2 Ne8 40.
Bxg6 Ng7 41. Bd3 Ba6 42. Bxa6 1-0

[Event "Landesklasse West 2013/2014"]
[Site "?"]
[Date "2013.11.17"]
[Round "3"]
[White "Brodmann, Peter"]
[Black "Bamberg, Alexander"]
[Result "1/2-1/2"]
[WhiteElo "1688"]
[BlackElo "1853"]
[PlyCount "50"]
[EventDate "2013.??.??"]
[WhiteTeam "SV Gernrode 1887"]
[BlackTeam "SV Schmalkalden 04"]

1. d4 d5 2. Nf3 Nf6 3. c4 c6 4. Nc3 g6 5. Bg5 Bg7 6. e3 Bg4 7. Bxf6 Bxf6 8.
cxd5 O-O 9. dxc6 Nxc6 10. Be2 Qb6 11. Rb1 Rfd8 12. O-O Rac8 13. Na4 Qa5 14. Qb3
Be6 15. Qb5 Qxb5 16. Bxb5 Bxa2 17. Rbc1 Bd5 18. Nc3 Bxf3 19. gxf3 a6 20. Bxc6
Rxc6 21. Rfd1 Rdc8 22. Rd3 b5 23. Rcd1 e6 24. Kf1 b4 25. Ne4 Be7 1/2-1/2

[Event "Landesklasse West 2013/2014"]
[Site "?"]
[Date "2013.11.17"]
[Round "3"]
[White "Wissel, Daniel"]
[Black "Herzberg, Ägidius"]
[Result "0-1"]
[WhiteElo "1863"]
[BlackElo "1552"]
[PlyCount "64"]
[EventDate "2013.??.??"]
[WhiteTeam "SV Schmalkalden 04"]
[BlackTeam "SV Gernrode 1887"]

1. e4 c5 2. d4 cxd4 3. Nf3 e6 4. c3 dxc3 5. Nxc3 Bb4 6. Bb5 a6 7. Ba4 b5 8. Bb3
Bb7 9. Qe2 Ne7 10. O-O O-O 11. Bf4 Ng6 12. Bg5 Qc7 13. Rac1 Nc6 14. Rfd1 h6 15.
Be3 Rfd8 16. a4 Bxc3 17. Rxc3 bxa4 18. Bxa4 Qa5 19. Ra3 Qc7 20. Rb3 Qc8 21. Bb6
Re8 22. Qd2 Nce5 23. Nxe5 Nxe5 24. Rc3 Bc6 25. Qd6 Qb7 26. Bxc6 dxc6 27. Ba5
Ng6 28. Qxc6 Qxb2 29. Qd7 Qe2 30. Qd3 Nf4 31. Qd7 Qxe4 32. Rc7 Qxg2# 0-1

[Event "Landesklasse West 2013/2014"]
[Site "?"]
[Date "2013.11.17"]
[Round "3"]
[White "Lath, Vinzent"]
[Black "Krannich, Steffen"]
[Result "0-1"]
[WhiteElo "1610"]
[BlackElo "1818"]
[PlyCount "56"]
[EventDate "2013.??.??"]
[WhiteTeam "SV Gernrode 1887"]
[BlackTeam "SV Schmalkalden 04"]

1. d4 d5 2. c4 e6 3. Nc3 Nf6 4. Bg5 Be7 5. Nf3 Nbd7 6. e3 O-O 7. Rc1 b6 8. cxd5
exd5 9. Bd3 Bb7 10. O-O c5 11. dxc5 Nxc5 12. Bf5 g6 13. Bb1 Re8 14. b4 Ne6 15.
a3 Nxg5 16. Nxg5 Rc8 17. Ba2 h6 18. Nf3 a6 19. Qd4 Qc7 20. Ne2 Qd6 21. Nf4 g5
22. Nd3 Ne4 23. Qb2 Bf6 24. Nd4 Qd7 25. Qe2 Nc3 26. Qd2 Bxd4 27. exd4 Re2 28.
Qd1 Nxd1 0-1

[Event "Landesklasse West 2013/2014"]
[Site "?"]
[Date "2013.11.17"]
[Round "3"]
[White "Burkhardt, Christian"]
[Black "Lath, Siegfried"]
[Result "1/2-1/2"]
[WhiteElo "1695"]
[BlackElo "1643"]
[PlyCount "41"]
[EventDate "2013.??.??"]
[WhiteTeam "SV Schmalkalden 04"]
[BlackTeam "SV Gernrode 1887"]

1. d4 Nf6 2. c4 g6 3. Nc3 Bg7 4. g3 d6 5. Bg2 O-O 6. Nf3 Nbd7 7. O-O c6 8. e4
a5 9. a4 c5 10. d5 Nb6 11. Qd3 Ne8 12. Be3 h6 13. Nd2 f5 14. f3 Bd7 15. b3 Nf6
16. Rae1 fxe4 17. Ndxe4 g5 18. g4 Be8 19. Ng3 Nbd7 20. Nce4 Ne5 21. Qd2 1/2-1/2

[Event "Landesklasse West 2013/2014"]
[Site "?"]
[Date "2013.11.17"]
[Round "3"]
[White "Mosebach, Christian"]
[Black "Klein, Matthias"]
[Result "0-1"]
[WhiteElo "1565"]
[BlackElo "1761"]
[PlyCount "64"]
[EventDate "2013.??.??"]
[WhiteTeam "SV Gernrode 1887"]
[BlackTeam "SV Schmalkalden 04"]

1. d4 g6 2. c4 Bg7 3. Nc3 Nf6 4. Nf3 d6 5. Bg5 c6 6. e3 Qa5 7. Bd3 Bg4 8. Bxf6
Bxf6 9. Qb3 Nd7 10. Nd2 e5 11. d5 Nc5 12. Qc2 Nxd3+ 13. Qxd3 c5 14. O-O O-O 15.
Nde4 Be7 16. h3 Bd7 17. Ng3 f5 18. f4 e4 19. Qc2 Bf6 20. Nge2 b5 21. cxb5 Bxb5
22. Nxb5 Qxb5 23. Rab1 Rfc8 24. Rfc1 Qa5 25. b3 Qa3 26. g4 c4 27. Kf2 Rab8 28.
bxc4 Rxb1 29. Rxb1 Bh4+ 30. Kg2 Qxe3 31. Ng1 fxg4 32. Qe2 gxh3+ 0-1

[Event "Landesklasse West 2013/2014"]
[Site "?"]
[Date "2013.11.17"]
[Round "3"]
[White "Essegern, Kurt"]
[Black "Kuntze, Andreas"]
[Result "1-0"]
[WhiteElo "1963"]
[BlackElo "1992"]
[PlyCount "67"]
[EventDate "2013.??.??"]
[WhiteTeam "Randspringer Bad Salzungen"]
[BlackTeam "Schachclub Rochade Leinefelde"]

1. e4 b6 2. d4 Bb7 3. Bd3 e6 4. Nf3 c5 5. O-O cxd4 6. Nxd4 Nc6 7. Nxc6 Bxc6 8.
Nc3 Qc7 9. Qe2 d6 10. f4 Nf6 11. f5 e5 12. Bg5 Nd7 13. Bc4 Nc5 14. Nd5 Bxd5 15.
Bxd5 Rc8 16. b4 Nd7 17. Qh5 Nf6 18. Bxf6 gxf6 19. c4 h6 20. Qh4 Ke7 21. Rf3 Rg8
22. Rg3 Rg5 23. Rxg5 hxg5 24. Qh7 Ke8 25. Qg8 Qe7 26. g3 b5 27. cxb5 Qc7 28.
Kg2 Qc2+ 29. Kh3 Rc7 30. a4 Qe2 31. Ra2 Qh5+ 32. Kg2 Rc1 33. h3 Rh1 34. Qxf7+
1-0

[Event "Landesklasse West 2013/2014"]
[Site "?"]
[Date "2013.11.17"]
[Round "3"]
[White "Kachel, Alfred"]
[Black "Hübschmann, Holger"]
[Result "1/2-1/2"]
[WhiteElo "1963"]
[BlackElo "1894"]
[PlyCount "46"]
[EventDate "2013.??.??"]
[WhiteTeam "Schachclub Rochade Leinefelde"]
[BlackTeam "Randspringer Bad Salzungen"]

1. c4 c5 2. Nc3 Nc6 3. Nf3 Nf6 4. d4 cxd4 5. Nxd4 g6 6. e4 d6 7. Be2 Bg7 8. O-O
Bd7 9. Nc2 O-O 10. Rb1 a6 11. f3 Rc8 12. b3 Ne8 13. Na4 Na5 14. Nb2 b5 15. cxb5
Bxb5 16. Bxb5 axb5 17. Be3 Rc3 18. Nd3 Nb7 19. Ndb4 e6 20. Bd4 Bxd4+ 21. Qxd4
Rc5 22. Ne3 Qf6 23. Qxf6 Nxf6 1/2-1/2

[Event "Landesklasse West 2013/2014"]
[Site "?"]
[Date "2013.11.17"]
[Round "3"]
[White "Petiko, Jakob"]
[Black "Roth, Ralf"]
[Result "1/2-1/2"]
[WhiteElo "1910"]
[BlackElo "1867"]
[PlyCount "62"]
[EventDate "2013.??.??"]
[WhiteTeam "Schachclub Rochade Leinefelde"]
[BlackTeam "Randspringer Bad Salzungen"]

1. e4 c6 2. d3 d5 3. Nd2 e5 4. Ngf3 Bd6 5. d4 exd4 6. Nxd4 Qe7 7. Qe2 Nf6 8.
exd5 Nxd5 9. Qxe7+ Bxe7 10. c3 O-O 11. N2f3 Bf6 12. Bd3 Re8+ 13. Kd1 Bg4 14.
Kc2 Nd7 15. h3 Bxf3 16. Nxf3 Nc5 17. Re1 Nxd3 18. Kxd3 Red8 19. Kc2 Rd7 20. g4
g6 21. Bh6 a5 22. Ne5 Bxe5 23. Rxe5 f6 24. Re4 Kf7 25. h4 Re8 26. Rae1 Rxe4 27.
Rxe4 Re7 28. Kd3 Rxe4 29. Kxe4 Ke6 30. c4 Nb6 31. Kd4 Nd7 1/2-1/2